000 00486nam a2200169 i 4500
001 52060
003 ES-MaACL
005 20230906162513.0
007 t|
008 030825s1904 fr ||||1| fre d
100 1 _aChoisy, Auguste.
_938594
245 1 2 _aL'art de batir chez les egyptiens /
_cAuguste Choisy.
260 _aParis :
_b[s.n.],
_c1904 (
_fGauthier-Villars)
300 _a155 p., 24 lám. ;
_c29 cm.
650 4 _aArquitectura egipcia.
_9156832
852 _aES-MaACL
_jF-1955
999 _c52060
_d52060